| 000 | 01037cam a2200301 i 4500 | ||
|---|---|---|---|
| 999 |
_c35456 _d35456 |
||
| 001 | 35456 | ||
| 003 | Mx-PuUPA | ||
| 005 | 20240410103756.0 | ||
| 008 | 140415s1998 mx ad r 000 0 spa d | ||
| 020 | _a9701015673 | ||
| 040 |
_aMX-PuUPA _bspa _erda _cMx-PuUPA _dMx-PuUPA |
||
| 041 | 1 |
_aspa _heng |
|
| 100 | 1 |
_aBergman, Ronald A. _q(Ronald Arly), _d1927 _eautor _946 |
|
| 240 | 1 | 0 |
_aHistology. _lEspañol |
| 245 | 1 | 0 |
_aHistología / _cRonald A. Bergman, Adel K. Afifi, Paul M. Heidger. |
| 250 | _aPrimera edición | ||
| 264 | 1 |
_aMéxico, D.F. : _bMcGraw-Hill Interamericana de México, _c1998 |
|
| 300 |
_axii, 369 páginas : _bilustraciones ; _c28 cm. |
||
| 336 |
_atexto _2rdacontent _btxt |
||
| 337 |
_asin medio _2rdamedia _bn |
||
| 338 |
_avolumen _2rdacarrier _bnc |
||
| 650 | 4 | _aHistología | |
| 700 | 1 |
_aAfifi, Adel K. _eautor _945 |
|
| 700 | 1 |
_aHeidger, Paul M., _eautor |
|
| 765 | 0 | 8 |
_aBergman, Ronald A., (Ronald Arly), 1927. _tHistology. |
| 942 |
_cLI _2ddc _h611.0181 _iB482 |
||